000 00318nam a2200133Ia 4500
008 151001s9999||||xx |||||||||||||| ||und||
100 _a नीलाभ
245 _aसन्नाटे की चीख
250 _a1
260 _bअपराजिता
260 _c2011
300 _a166
365 _b21
999 _c999141
_d999138